[Event "TCh-SRB Premier 2015"]
[Site "Kragujevac SRB"]
[Date "2015.08.28"]
[Round "9.1"]
[White "Dreev, A."]
[Black "Ivanisevic, I."]
[Result "1-0"]
[WhiteElo "2638"]
[BlackElo "2662"]
[PlyCount "95"]
[EventDate "2015.08.20"]
[Source "ChessBase"]
[SourceDate "1999.07.01"]
[WhiteTeam "NOVOSADSKI SK DDOR (Novi Sad)"]
[BlackTeam "JUGOVIC (Kac)"]

1. d4 Nf6 2. c4 e6 3. Nc3 Bb4 4. Qc2 c5 5. dxc5 O-O 6. Nf3 Na6 7. g3 Nxc5 8.
Bg2 Nce4 9. O-O Nxc3 10. bxc3 Be7 11. e4 d6 12. e5 dxe5 13. Nxe5 Qc7 14. Qe2
Ne8 15. Bf4 Bd6 16. Rfd1 f6 17. Nd3 Qxc4 18. Qb2 Rb8 19. Be3 b6 20. Qb3 Qxb3
21. axb3 a5 22. b4 axb4 23. Nxb4 Bxb4 24. cxb4 Nc7 25. Ra7 Nd5 26. Rxd5 exd5
27. Bxd5+ Kh8 28. Bf4 Bh3 29. Bxb8 Rxb8 30. Bg2 Be6 31. Bc6 Kg8 32. b5 Kf8 33.
Kg2 Bf7 34. Kf3 Be8 35. Ke4 Rc8 36. Kd5 Rd8+ 37. Ke6 Bh5 38. h3 Be2 39. Rf7+
Kg8 40. Rd7 Re8+ 41. Re7 Bc4+ 42. Kd7 Rxe7+ 43. Kxe7 h5 44. Kd6 h4 45. Bd5+
Bxd5 46. Kxd5 hxg3 47. fxg3 f5 48. h4 1-0

[Event "4th Washington Int 2015"]
[Site "Rockville USA"]
[Date "2015.08.09"]
[Round "4.3"]
[White "Li, Ruifeng"]
[Black "Roiz, M."]
[Result "1-0"]
[WhiteElo "2408"]
[BlackElo "2595"]
[PlyCount "47"]
[EventDate "2015.08.08"]
[Source "ChessBase"]
[SourceDate "1999.07.01"]

1. e4 c6 2. d4 d5 3. exd5 cxd5 4. c4 Nf6 5. Nc3 Nc6 6. Nf3 Bg4 7. Bg5 Ne4 8.
cxd5 Nxc3 9. bxc3 Qxd5 10. Qb3 e6 11. Bc4 Qa5 12. Qxb7 Qxc3+ 13. Bd2 Qxa1+ 14.
Ke2 Nxd4+ 15. Kd3 Bxf3 16. gxf3 Qxh1 17. Qxa8+ Ke7 18. Qxa7+ Ke8 19. Qb8+ Ke7
20. Qc7+ Ke8 21. Qb8+ Kd7 22. Qb7+ Ke8 23. Kxd4 Qa1+ 24. Ke4 1-0

[Event "4th Arber Open 2015"]
[Site "Bayerisch Eisenstein GER"]
[Date "2015.08.05"]
[Round "5.3"]
[White "Prusikin, M."]
[Black "Koop, Tho"]
[Result "1/2-1/2"]
[WhiteElo "2536"]
[BlackElo "2414"]
[PlyCount "58"]
[EventDate "2015.08.01"]
[Source "ChessBase"]
[SourceDate "1999.07.01"]

1. e4 c5 2. Nf3 Nc6 3. Bb5 g6 4. O-O Bg7 5. Nc3 d6 6. d3 Bd7 7. a3 Rc8 8. Bc4
Nf6 9. h3 O-O 10. Be3 a6 11. Ba2 b5 12. Qd2 Qc7 13. Rac1 Qb7 14. Bh6 c4 15. Qg5
Rfe8 16. Qh4 Bh8 17. Ng5 Nd4 18. f4 a5 19. f5 b4 20. fxg6 fxg6 21. dxc4 bxc3
22. c5+ e6 23. Bg7 Bxg7 24. Rxf6 h6 25. Rxg6 hxg5 26. Rxg7+ Kxg7 27. Qxg5+ Kh7
28. Qh5+ Kg7 29. Qg5+ Kh7 1/2-1/2